| 000 | 00406 a2200133 4500 | ||
|---|---|---|---|
| 003 | Nust | ||
| 005 | 20170207165733.0 | ||
| 040 | _cNust | ||
| 082 | _a799 | ||
| 245 |
_aIntroductory Address to Fresh Entry, ECR Lab cc Col Hanif,Photographs-2014 _cMCS |
||
| 260 |
_aRawalpindi _bRawalpindi _c24-09-2014 |
||
| 650 | _aIntroductory Address to Fresh Entry, ECR Lab cc Col Hanif,Photographs-2014 | ||
| 651 | _aSweet Memories-MCS | ||
| 942 | _cBK | ||
| 999 |
_c212896 _d212896 |
||